<?xml version="1.0" encoding="UTF-8"?>
<record
    xmlns:xsi="http://www.w3.org/2001/XMLSchema-instance"
    xsi:schemaLocation="http://www.loc.gov/MARC21/slim http://www.loc.gov/standards/marcxml/schema/MARC21slim.xsd"
    xmlns="http://www.loc.gov/MARC21/slim">

  <leader>01872cam a2200229 a 4500</leader>
  <datafield tag="020" ind1=" " ind2=" ">
    <subfield code="a">9789251070086</subfield>
  </datafield>
  <datafield tag="020" ind1=" " ind2=" ">
    <subfield code="a">9251070083</subfield>
  </datafield>
  <datafield tag="040" ind1=" " ind2=" ">
    <subfield code="c">DLC</subfield>
  </datafield>
  <datafield tag="082" ind1=" " ind2=" ">
    <subfield code="a">634 FAO 2011 C323 Or.</subfield>
  </datafield>
  <datafield tag="245" ind1="0" ind2="0">
    <subfield code="a">Guide to implementation of phytosanitary standards in forestry</subfield>
  </datafield>
  <datafield tag="250" ind1=" " ind2=" ">
    <subfield code="a">Rev. ed</subfield>
  </datafield>
  <datafield tag="260" ind1=" " ind2=" ">
    <subfield code="a">Rome :</subfield>
    <subfield code="b">Food and Agriculture Organization of the United Nations,</subfield>
    <subfield code="c">2011</subfield>
  </datafield>
  <datafield tag="300" ind1=" " ind2=" ">
    <subfield code="a">xi, 165 p. :</subfield>
    <subfield code="b">ill. (chiefly col.) ;</subfield>
    <subfield code="c">25 cm</subfield>
  </datafield>
  <datafield tag="490" ind1="1" ind2=" ">
    <subfield code="a">FAO forestry paper,</subfield>
  </datafield>
  <datafield tag="500" ind1=" " ind2=" ">
    <subfield code="a">Includes glossary</subfield>
  </datafield>
  <datafield tag="520" ind1=" " ind2=" ">
    <subfield code="a">"This guide, produced by an international group of scientists, phytosanitary authorities, forest experts and industry representatives and reviewed by more than 100 specialists from 46 countries, provides easy-to-understand information on how good forest management practices and well implemented phytosanitary standards can minimize pest spread and facilitate safe trade. Specifically, it explains how the International Standards for Phytosanitary Measures (ISPMs) and national plant protection organization (NPPO) regulations affect the import and export of forest commodities; how relevant ISPMs can be used to prevent pest introduction and spread; and how forest-sector personnel can work together with NPPOs to contribute to the development and implementation of ISPMs and national phytosanitary regulations that help reduce pest movement while restricting trade as little as possible. The guide will be of vital interest to people involved in nursery activities, planting, managing, harvesting, manufacturing, trading and transporting forest products. It will also benefit forest policy-makers, planners, managers and educators, particularly in developing countries."--P. [4] of cover</subfield>
  </datafield>
  <datafield tag="650" ind1=" " ind2="0">
    <subfield code="a">Trees</subfield>
  </datafield>
  <datafield tag="650" ind1=" " ind2="0">
    <subfield code="a">Forest insects</subfield>
  </datafield>
  <datafield tag="650" ind1=" " ind2="0">
    <subfield code="a">Forest health</subfield>
  </datafield>
  <datafield tag="710" ind1="2" ind2=" ">
    <subfield code="a">Food and Agriculture Organization of the United Nations</subfield>
  </datafield>
  <datafield tag="942" ind1=" " ind2=" ">
    <subfield code="c">AEDBB</subfield>
  </datafield>
  <datafield tag="999" ind1=" " ind2=" ">
    <subfield code="c">20255</subfield>
    <subfield code="d">20255</subfield>
  </datafield>
  <datafield tag="952" ind1=" " ind2=" ">
    <subfield code="0">0</subfield>
    <subfield code="1">0</subfield>
    <subfield code="4">0</subfield>
    <subfield code="6">634_000000000000000_FAO_2011_C323_OR</subfield>
    <subfield code="7">0</subfield>
    <subfield code="9">90218</subfield>
    <subfield code="a">LBC</subfield>
    <subfield code="b">LBC</subfield>
    <subfield code="d">2022-08-15</subfield>
    <subfield code="o">634 FAO 2011 C323 Or.</subfield>
    <subfield code="p">A069801</subfield>
    <subfield code="r">2022-08-15</subfield>
    <subfield code="w">2022-08-15</subfield>
    <subfield code="y">EK</subfield>
  </datafield>
</record>
